000
00313nam a22001217a 4500
003
SGT
082
_a
320
_b
J15D
100
_a
दयाल, नरसिंह
245
_a
जैव साम्राजयवाद
260
_b
संवाद प्रकाशन
_c
2015
300
_a
157
942
_2
ddc
_c
BK
999
_c
31888
_d
31888